000 01074nam a2200253 a 4500
001 000039292
005 20201002031601.0
008 130621s2013 dr ad 001 0 spa d
020 _a9789945165388
040 _aDO-SdBNP
_bspa
_cBNPHU
082 _a352.283
_bM433e
100 1 _aMatías, Domingo
_9565
245 1 0 _aEstado de situación de la descentralizacion municipalizada en República Dominicana 1996-2012 /
_cDomingo Matías ; prólogo Pedro A. Hernández Paulino.
260 _aSanto Domingo :
_bBúho,
_c2013.
300 _a201 p. :
_bil., gráfcs., tablas ;
_c24 cm.
500 _aIncluye datos biográficos del autor en la solapa de la cubierta.
504 _aBibliografía: p. 197-201.
590 _aInventariado,2018/DG
650 4 _aDescentralización administrativa
_zRepública Dominicana
_93012
650 4 _aMunicipios
_xHistoria
_zRepública Dominicana
_952869
651 4 _aRepública Dominicana
_xDivisiones Administrativas Y Políticas
_917205
700 1 _aHernández Paulino, Pedro A.,
_epról.
_965484
910 _aValidado. Control de calidad EMS
999 _c38782
_d38782